000 00962nam a22001817a 4500
005 20240229145710.0
010 _aHIN-126865
020 _a9788194193807
_c1000.00
035 _aHN-99211
037 _bDBAD/PUB
082 _a320.954
100 _aलखेड़ा,हरीश चन्द्र
_962616
245 _aसंसदीय पत्रकारिता;भारतीय लोकतंत्र की यात्रा के साक्षी 144 स्तभ/
_cहरीश चन्द्र लखेड़ा
260 _aनई दिल्ली
_bयूनिवर्सिटी पब्लिकेशन
_c2021
270 _a22/4735प्रकाश दीप बिल्डिंग अंसारी रोड दरियागंज
_bनई दिल्ली
_e110002
300 _a167पृष्ट.;
_c23 सेमी (सजिल्द)
942 _cHN
_2ddc
_h320.954
_mलखेड़ा
999 _c201145
_d201145